00453nam a2200145 a 450000500170000000800410001702000180005805000250007610000160010124500830011726000400020030000230024065000230026365000210028620140412111359.0060126s19uu xx 00 eng d a0-439-24101-4 aTR(PS EbHo83ge 2000 aYolen, Jane aHow do dinosaurs get well soon? /cby Jane Yolen ; illustrated by Mark Teague. aNew York :bScholastic Inc.,c2000. a1 v. (unp.) ; ill. aDinosaursxFiction aChildren stories